Aldous Huxley : (Record no. 136706)

MARC details
000 -LEADER
fixed length control field 00658nam a22002177a 4500
010 ## - LIBRARY OF CONGRESS CONTROL NUMBER
LC control number 738578
020 ## - INTERNATIONAL STANDARD BOOK NUMBER
International Standard Book Number 002160145
035 ## - SYSTEM CONTROL NUMBER
System control number 738578
037 ## - SOURCE OF ACQUISITION
Source of stock number/acquisition Cen Lib / Ret
040 ## - CATALOGING SOURCE
Original cataloging agency DPL
Language of cataloging EN
082 ## - DEWEY DECIMAL CLASSIFICATION NUMBER
Classification number 921
Item number HUX
100 ## - MAIN ENTRY--PERSONAL NAME
Personal name Bedford, Sybille
245 ## - TITLE STATEMENT
Title Aldous Huxley :
Remainder of title a biography /
Statement of responsibility, etc by Sybille Bedford
260 ## - PUBLICATION, DISTRIBUTION, ETC. (IMPRINT)
Place of publication, distribution, etc London
Name of publisher, distributor, etc Chatto & Windus
Date of publication, distribution, etc 1974
270 ## - ADDRESS
Address Chatto & Windus
City London
300 ## - PHYSICAL DESCRIPTION
Extent (v 2. xii, 378)
Other physical details 24cm(Hb)
650 ## - SUBJECT ADDED ENTRY--TOPICAL TERM
Topical term or geographic name as entry element Huxley, Aldous, -- 1894-1963 -- Biography.
650 ## - SUBJECT ADDED ENTRY--TOPICAL TERM
Topical term or geographic name as entry element Huxley, Aldous, -- 1894-1963
650 ## - SUBJECT ADDED ENTRY--TOPICAL TERM
Topical term or geographic name as entry element Huxley, Aldous, -- (1894-1963) -- Biographie.
942 ## - ADDED ENTRY ELEMENTS (KOHA)
Source of classification or shelving scheme Dewey Decimal Classification
Koha item type English Books
Classification part 921
Call number suffix HUX
Holdings
Withdrawn status Lost status Source of classification or shelving scheme Materials specified (bound volume or other part) Damaged status Not for loan Home library Current library Date acquired Source of acquisition Total Checkouts Full call number Barcode Date last seen Copy number Price effective from Koha item type
    Dewey Decimal Classification v 2     Central Library Central Library 08/03/2016 Cen Lib/Ret   921 HUX 738578 08/03/2016 1 08/03/2016 English Books

© Delhi Public Library
Hit Counter
free hit counter